But not forgotten : a mystery novel.

Bibliographic Details
Main Author: Fenisong, Ruth
Format: Book
Language:English
Published: Garden City, N. Y. : Published for the Crime Club by Doubleday, 1960.
Edition:[1st ed.].

MARC

Tag First Indicator Second Indicator Subfields
LEADER 00000cam a2200000 4500
001 in00000715921
005 20161214140254.0
008 751031s1960 nyu 00001 eng c
010 |a  60011382  
035 |a (OCoLC)01749216 
035 |9 ADD6967AM 
040 |a NIC  |c JPL  |d TXA  |d UtOrBLW 
049 |a TXAM  |c [329215] 
050 0 0 |a PZ3.F355  |b Bs  |a PS3511.E376 
090 |a PS3511.E376  |b B88 1960 
100 1 |a Fenisong, Ruth. 
245 1 0 |a But not forgotten :  |b a mystery novel. 
250 |a [1st ed.]. 
264 1 |a Garden City, N. Y. :  |b Published for the Crime Club by Doubleday,  |c 1960. 
300 |a 189 pages ;  |c 22 cm. 
336 |a text  |b txt  |2 rdacontent 
337 |a unmediated  |b n  |2 rdamedia 
338 |a volume  |b nc  |2 rdacarrier 
999 |a MARS 
999 f f |s 0ded2c96-4a92-37c8-8aac-86d961451524  |i 7233f2ce-d2c6-309d-b9c9-7112b7936265  |t 0 
952 f f |p ric  |a Texas A&M University  |b Rellis Campus  |c Joint Library Facility  |d Remote Storage  |t 0  |e PS3511.E376 B88 1960  |h Library of Congress classification  |i unmediated -- volume  |m A14804226493 
998 f f |a PS3511.E376 B88 1960  |t 0  |l Remote Storage